| 000 | 00479nam a2200145 4500 | ||
|---|---|---|---|
| 008 | 305.8 W721n | ||
| 020 | _a9789592603486 | ||
| 082 |
_a305.8 _bW721n |
||
| 100 |
_aWilliams, Eric _96189 |
||
| 245 | _aEl negro en el Caribe y otros textos | ||
| 260 |
_aLa Habana _bCasa de las Américas _c2011 |
||
| 300 |
_a460 p. _c23 x 15 cm. |
||
| 650 |
_xciencias sociales _xetnias _xcultura _xafrodescendientes _xidentidad _96190 |
||
| 700 |
_aChailloux-Laffita, Graciela (coordinadora editorial) _96191 |
||
| 999 |
_c1403 _d1403 |
||